000 00485nam a2200157Ia 4500
008 231217s9999 xx 000 0 und d
041 _aEnglish
082 _a510.02462 CHA.1;64
100 _aChandrasekharaiah, D S.
245 0 _aEngineering mathematics Pt.1 : for first sem B.E classes VTU
260 _c2010-11
_bSudha Publications
_aBangalore
300 _a600
400 _aSudha's student friendly text book series
650 _amathematics,Pt.1,B.E,classes
942 _cAA
999 _c196589
_d196589